| 000 | 00683nam a2200193 i 4500 | ||
|---|---|---|---|
| 001 | 27924 | ||
| 003 | ES-MaACL | ||
| 005 | 20230906153730.0 | ||
| 007 | t| | ||
| 008 | 030115s1911 sp ||||1| spa d | ||
| 100 | 1 |
_aBacariza Varela, Augusto. _924441 |
|
| 245 | 1 | 0 |
_aDerecho de la mujer casada a los productos de su trabajo : _btesis presentada para obtar al grado de doctor / _cAugusto Bacariza Varela. |
| 260 |
_a[Santiago : _bs.n.], _c1911 ( _fTip. de El Eco de Santiago) |
||
| 300 |
_a79 p. ; _c21 cm. |
||
| 502 | _aTesis doctoral. | ||
| 650 | 4 |
_aMujeres casadas- _xFinanzas personales. _915326 |
|
| 650 | 4 |
_aMujeres casadas- _xTrabajo. _9174148 |
|
| 852 | 4 |
_aES-MaACL _jT-1310-F-5 |
|
| 999 |
_c27924 _d27924 |
||